| 000 | 00865nam a22002417a 4500 | ||
|---|---|---|---|
| 999 |
_c12441 _d12441 |
||
| 003 | AR-CdUCM | ||
| 008 | 190408b ||||| |||| 00| 0 spa d | ||
| 040 |
_aMUNICIPALIDAD PROVINCIAL DEL CUSCO _cBIBLIOTECA MUNICIPAL DEL CUSCO |
||
| 082 |
_aC / 869.56 / _bSA17 |
||
| 100 |
_aSalas y S., Juan de la Cruz _99950 |
||
| 245 |
_aMachu Pigchu : _bIntiq Willka Usnun / |
||
| 260 |
_aCusco : _bGarcilaso, _c1962. |
||
| 300 |
_a81 páginas ; _c10 cm. |
||
| 500 |
_aTexto en Quechua y Español. _a"Libro escrito en el inigualable idioma de los Inkas, para la lectura del pueblo Cusqueño" |
||
| 505 | _aContenido: Poesías. | ||
| 650 |
_aLiteratura Peruana _9132 |
||
| 650 |
_aPoesías _92272 |
||
| 650 |
_aSiglo XX _98 |
||
| 700 |
_aRozas Terzy, Oscar _930290 |
||
| 700 |
_aTristán, Alfredo (colaboradores) _930291 |
||
| 942 |
_2ddc _cLIBROS |
||
| 945 |
_aachl _d2019-04-08 |
||